A pictoral history of the American Indian
Saved in:
| Main Author: | |
|---|---|
| Format: | Book |
| Language: | Undetermined |
| Published: |
New York
Crown
1956
|
| Subjects: | |
| Tags: |
Add Tag
No Tags, Be the first to tag this record!
|
| Institutions: | Trung tâm Học liệu Trường Đại học Cần Thơ |
|---|
| LEADER | 00482nam a2200181Ia 4500 | ||
|---|---|---|---|
| 001 | CTU_11080 | ||
| 008 | 210402s9999 xx 000 0 und d | ||
| 082 | |a 970.00497 | ||
| 082 | |b L159 | ||
| 100 | |a Oliver Lafarge | ||
| 245 | 2 | |a A pictoral history of the American Indian | |
| 245 | 0 | |c Oliver Lafarge | |
| 260 | |a New York | ||
| 260 | |b Crown | ||
| 260 | |c 1956 | ||
| 650 | |a indians - history | ||
| 904 | |i Minh, 961015 | ||
| 980 | |a Trung tâm Học liệu Trường Đại học Cần Thơ | ||